| 000 | 005490000a22001450004500 | ||
|---|---|---|---|
| 090 |
_aAR _b04172 |
||
| 245 | 1 | 0 | _aDiversity, distinctiveness and conservation status of the mediterranean coastal dung beetle assemblage in the regional natural park of the Camargue (France) |
| 041 | 0 | _aInglés | |
| 500 | _a<Literatura de escarabajos coprófagos> | ||
| 700 | 1 |
_aLumaret, Jean Pierre _998080 |
|
| 700 | 1 |
_aJay Robert, Pierre _998081 |
|
| 100 | 1 |
_aLobo, Jorge Miguel _998082 |
|
| 942 | _cARTICULO | ||
| 773 | 1 |
_tDiversity and distributions _h7 _q257-270 _d2001 |
|
| 999 |
_c13270 _d13270 |
||